Psicología del niño

Saved in:
Bibliografiske detaljer
Main Authors: Piaget, Jean (Author), Inhelder, Bärbel (Author)
Format: Bog
Sprog:spansk
Udgivet: Madrid Morata 1997
Udgivelse:14a. ed
Serier:Coleccion Psicología
Fag:
Tags: Tilføj Tag
Ingen Tags, Vær først til at tagge denne postø!

MARC

LEADER 00000nam a2200000 a 4500
001 UCO7730
003 CL-VaPUC
008 001117e19970000SP |||||||||||||||||spa|d
020 |a 8471121034 
082 0 4 |a 155.4  |b PIA  |2 21 
100 0 |a Piaget, Jean  |e author  |9 308149 
700 |a Inhelder, Bärbel  |e author  |9 585720 
245 1 0 |a Psicología del niño 
250 |a 14a. ed 
300 |a 158 p 
942 |c BK 
945 |d 20001117 00:00:00  |a vberengu 
260 |a Madrid  |b Morata  |c 1997 
650 0 |a Psicología del desarrollo  |9 307541 
650 0 |a Psicología evolutiva   |9 271069 
650 0 |a Psicología del niño  |9 307305 
583 |a last modification  |c 20130107 12:10:36  |k Rodrigo Vera 
490 0 |a Coleccion Psicología 
999 |c 292611  |d 292609 
952 |0 0  |1 0  |4 0  |6 155_400000000000000_PIA_1997  |7 0  |8 R  |9 343592  |a BIBEDU  |b BIBEDU  |d 2019-11-20  |i 3667960  |l 3  |o 155.4 PIA 1997  |p 3667960  |r 2023-09-05  |s 2023-08-24  |w 2019-11-20  |y BK_R  |k EPE